• 首页
  • 本馆介绍
  • 公告通知
  • 最新文献
  • 馆藏检索
  • 电子资源
  • 读者导购
  • 参考咨询
  • 我的图书馆
  • 登录
  • 详细信息显示
  • 放入我的书架
  • 预约/预借图书
  • 作者相关作品
  • 分类相关作品
  • 丛书相关作品
  • 出版社相关作品

书目信息

  • 表格格式
  • 工作单格式
  • 卡片格式
题名:
程序员的自我修养
    
 
作者: 俞甲子 , 石凡 , 潘爱民 著
分册:  
出版信息: 北京   电子工业出版社  2009
页数: 459页
开本: 23cm
丛书名:
单 册:
中图分类: TP31 , TP311.1
科图分类:
主题词: 程序系统 , 程序设计
电子资源:
ISBN: 978-7-121-08511-6
000 00859nam0 2200265 450
001 379
005 20160905154348.76
010    @a978-7-121-08511-6@dCNY65.00
100    @a20090803d2009 em y0chiy50 ea
101 0  @achi
102    @aCN@b110000
105    @ay z 001yy
200 1  @a程序员的自我修养@9cheng xu yuan de zi wo xiu yang@e链接、装载与库@f俞甲子,石凡,潘爱民著
210    @a北京@c电子工业出版社@d2009
215    @a459页@d23cm
330    @a本书主要介绍系统软件的运行机制和原理,涉及在Windows和Linux两个系统平台上,一个应用程序在编译、链接和运行时刻所发生的各种事项。
606 0  @a程序系统
606 0  @a程序设计
690    @aTP31@v4
690    @aTP311.1@v4
701  0 @a俞甲子@9yu jia zi@4著
701  0 @a石凡@9shi fan@4著
701  0 @a潘爱民@9pan ai min@4著
801  0 @aCN@b唐山师范学院图书馆@c20160722
905    @aZUCC@dTP31@e884
    
    程序员的自我修养:链接、装载与库/俞甲子,石凡,潘爱民著.-北京:电子工业出版社,2009
    459页;23cm
    
    
    ISBN 978-7-121-08511-6:CNY65.00
    本书主要介绍系统软件的运行机制和原理,涉及在Windows和Linux两个系统平台上,一个应用程序在编译、链接和运行时刻所发生的各种事项。
●
相关链接 在E读中查询图书 在五车中查询图书 在当当中查询图书 在豆瓣中查询图书


正题名:程序员的自我修养     索取号:TP31/884         预约/预借

序号 登录号 条形码 馆藏地/架位号 状态 备注
1 901581   209015812   第二样本阅览室/ [索取号:TP31/884] 在馆    
2 901582   209015821   第三借阅区/ [索取号:TP31/884] 在馆    
3 901583   209015830   密集书库—计算机科学学院/ [索取号:TP31/884] 在馆    
4 901584   209015849   第三借阅区/ [索取号:TP31/884] 在馆    
唐山师范学院图书馆 欢迎您!
大连网信软件有限公司© 版权所有